MULTIVARIABLE FEEDBACK DESIGN (Record no. 492229)

000 -LEADER
fixed length control field 00364nam a22001337a 4500
020 ## - INTERNATIONAL STANDARD BOOK NUMBER
International Standard Book Number 0-201-18243-2
082 ## - DEWEY DECIMAL CLASSIFICATION NUMBER
Classification number 629.8312 MAC
100 ## - MAIN ENTRY--PERSONAL NAME
Personal name MACIEJOWSKI, J.M
9 (RLIN) 1902
245 ## - TITLE STATEMENT
Title MULTIVARIABLE FEEDBACK DESIGN
260 ## - PUBLICATION, DISTRIBUTION, ETC.
Place of publication, distribution, etc. NEW YORK
Name of publisher, distributor, etc. ADDISON WESLEY
Date of publication, distribution, etc. 1989
300 ## - PHYSICAL DESCRIPTION
Extent XVII,422P
650 ## - SUBJECT ADDED ENTRY--TOPICAL TERM
Topical term or geographic name entry element FEEDBACK CONTROL SYSTEMS-DESIGN AND CONSTRUCTION
9 (RLIN) 1903
942 ## - ADDED ENTRY ELEMENTS (KOHA)
Koha item type Book
Holdings
Withdrawn status Lost status Damaged status Not for loan Date acquired Total Checkouts Date last seen Price effective from Koha item type
        03/10/2017   03/10/2017 08/13/2017 Book
© 2023 Central Library, National University of Sciences and Technology. All Rights Reserved.